| 000 | 00471nam a22001817a 4500 | ||
|---|---|---|---|
| 005 | 20250415130320.0 | ||
| 008 | 250414b |||||||| |||| 00| 0 eng d | ||
| 020 | _a978-93-89776-89-8 | ||
| 041 | _aeng | ||
| 082 | _a615.82 SIN -P | ||
| 100 |
_aSINHA, AKHOURY GAURANG _98626 |
||
| 245 | _aPRINCIPLES AND PRACTICE OF THERAPEUTICS MASSAGE | ||
| 250 | _a3RD ED. 2021 | ||
| 260 |
_aNEW DELHI _bJAYPEE BROTHERS _c2021 |
||
| 300 | _a130;P | ||
| 650 | _aBPT | ||
| 942 | _cBK | ||
| 999 |
_c8762 _d8760 |
||